00332 2200145 4500001002100000005001500021035002000036245003100056100002200087300001200109260003100121082000800152084001400160990001200174INLIS00000000000205220250527092541 a0010-05250003441 aPohon /cTheresea Grenaway0 aTheresea Grenaway a159 hlm ajakarta :bErlangga,c2002 a600 a600 THE p a0713111